Minute books 14/01/1897 - 16/12/1930 (Record no. 101967)
[ view plain ]
| 000 -LEADER | |
|---|---|
| fixed length control field | 00720cam a2200193 4500 |
| 008 - FIXED-LENGTH DATA ELEMENTS--GENERAL INFORMATION | |
| fixed length control field | 020327n 000 0 eng u |
| 035 ## - SYSTEM CONTROL NUMBER | |
| System control number | (Sirsi) u117258 |
| 110 ## - MAIN ENTRY--CORPORATE NAME | |
| Corporate name or jurisdiction name as entry element | Surveyors' Institution, Scottish Branch |
| 9 (RLIN) | 4208 |
| 245 ## - TITLE STATEMENT | |
| Title | Minute books 14/01/1897 - 16/12/1930 |
| 505 ## - FORMATTED CONTENTS NOTE | |
| Formatted contents note | No 1 14/01/1897-17/09/1925 |
| 505 ## - FORMATTED CONTENTS NOTE | |
| Formatted contents note | No 2 21/10/1925-16/12/1930 |
| 520 ## - SUMMARY, ETC. | |
| Summary, etc. | Include Scottish Committees, Sub-Committees, printed programmes, press-cuttings, etc. Superseded by Chartered Surveyors' Institution, Scottish Branch |
| 650 ## - SUBJECT ADDED ENTRY--TOPICAL TERM | |
| Topical term or geographic name entry element | HISTORY |
| 650 ## - SUBJECT ADDED ENTRY--TOPICAL TERM | |
| Topical term or geographic name entry element | MINUTE BOOK |
| 650 ## - SUBJECT ADDED ENTRY--TOPICAL TERM | |
| Topical term or geographic name entry element | SURVEYING ASSOCIATIONS |
| 650 ## - SUBJECT ADDED ENTRY--TOPICAL TERM | |
| Topical term or geographic name entry element | SURVEYING PROFESSION |
| 690 ## - LOCAL SUBJECT ADDED ENTRY--TOPICAL TERM (OCLC, RLIN) | |
| Topical term or geographic name as entry element | MANAGEMENT-BUSINESS MANAGEMENT-PROFESSIONAL PRACTICE |
| 942 ## - ADDED ENTRY ELEMENTS (KOHA) | |
| Suppress in OPAC | 0 |
No items available.